Countries Closest to the UAE - One Minute Sprint - Statistics

General Stats
  • This quiz has been taken 93 times
  • The average score is 14 of 20
Answer Stats
km country miles % Correct
0 Oman 0
99%
66 Iran 41
98%
0 Saudi Arabia 0
98%
683 Iraq 424
96%
32 Qatar 20
94%
560 Kuwait 348
89%
443 Yemen 275
89%
529 Pakistan 329
85%
158 Bahrain 98
81%
1206 India 749
78%
1515 Syria 941
72%
1488 Jordan 925
69%
627 Afghanistan 390
62%
1562 Turkey 971
56%
1234 Somalia 767
51%
1515 Djibouti 942
37%
1108 Eritrea 937
37%
1516 Sudan 942
31%
1165 Turkmenistan 724
26%
1540 Azerbaijan 957
25%
No matching quizzes found
Score Distribution
Percent of People with Each Score
Percentile by Number Answered
Your Score History
You have not taken this quiz